Spiritual Gifts : (Record no. 604778)

MARC details
000 -LEADER
fixed length control field 00475nam a2200193 a 4500
008 - FIXED-LENGTH DATA ELEMENTS--GENERAL INFORMATION
fixed length control field 251224s2000##################000#0#eng##
020 ## - INTERNATIONAL STANDARD BOOK NUMBER
ISBN 9780877887324
082 04 - DEWEY DECIMAL CLASSIFICATION NUMBER
Classification number 291
Item number DOC
100 1# - MAIN ENTRY--AUTHOR NAME
Personal name Dockrey, Karen,
245 10 - TITLE STATEMENT
Title Spiritual Gifts :
260 ## - PUBLICATION, DISTRIBUTION, ETC. (IMPRINT)
Name of publisher Shaw Books,
Year of publication 2000.
300 ## - PHYSICAL DESCRIPTION
Number of Pages 66 pages
650 #0 - SUBJECT ADDED ENTRY--TOPICAL TERM
Topical Term Religion.
942 ## - ADDED ENTRY ELEMENTS (KOHA)
Koha item type English Books
Holdings
Withdrawn status Lost status Damaged status Not for loan Home library Current library Shelving location Date acquired Full call number Accession Number Price effective from Koha item type
        Anna Centenary Library Anna Centenary Library 3RD FLOOR, B WING 26.12.2025 291 DOC 420334 26.12.2025 English Books

Find us on the map